| 000 | 01119nam a22002777a 4500 | ||
|---|---|---|---|
| 999 |
_c118079 _d118079 |
||
| 003 | dpl | ||
| 005 | 20180928161940.0 | ||
| 008 | 180928b ||||| |||| 00| 0 eng d | ||
| 010 | _aB-034369 | ||
| 020 | _c150.00 | ||
| 035 | _aB-034369, B-034373 | ||
| 037 | _bCen Lib/Ret | ||
| 040 |
_aDPL _bHN _c0 |
||
| 082 |
_aक _bराकेश |
||
| 100 |
_aराकेश कुमार सिंह _94285 |
||
| 245 |
_aहांका / _cराकेश कुमार सिंह |
||
| 246 |
_aHanka _bby Rakesh Kumar Singh |
||
| 260 |
_a दिल्ली _bग्रन्थलोक प्रकाशन _c2001 |
||
| 270 |
_a1/11244, कीर्ति मंदिर के निकट सुभाष पार्क नवीन शाहदरा _bदिल्ली _e110032 |
||
| 300 |
_a143पृष्ठ. _c20सेमी(सजिल्द) |
||
| 650 |
_aहिंदी साहित्य _978249 |
||
| 650 |
_aहिंदी कहानी _978250 |
||
| 650 |
_aHindi literature _978251 |
||
| 650 |
_ahindi story _943117 |
||
| 942 |
_2ddc _cHN _hक _mराकेश |
||